000 00873nam a2200313Ia 4500
001 Z_3990
003 CHAP
008 220113s1984 xx 000 0 und d
010 _a167049
040 _cCHAP
082 _a338.9 M49
100 _aMéxico. Dirección General de Planeación
_9141231
245 _aPlan Chiapas : desarrollo rural integral agropecuario y forestal /
_cpor DGP
260 _aMéxico, D.F. :
_bLa Dirección,
_c1984
300 _a113 p. + cuadros ; mapas
440 _a
500 _a
503 _aDONACIÓN
650 _aAgricultura
_xPlaneación
_xChiapas
_9141232
650 _aChiapas
_xCondiciones rurales I. t.
_9141233
650 _aPolítica foresta
_xChiapas
_9141234
650 _aPolítica ganadera
_xChiapas
_990623
901 _a338.9 M49
902 _aA
910 _a1984
942 _c1
942 _cc1
999 _c167049
_d167049